Most Spoken Languages by Native Speakers - Statistics

General Stats
  • This quiz has been taken 45 times
  • The average score is 13 of 15
Answer Stats
Hint Answer % Correct
365,000,000 English
100%
75,000,000 French
100%
935,000,000 Mandarin
100%
280,000,000 Arabic
98%
125,000,000 Japanese
98%
160,000,000 Russian
98%
390,000,000 Spanish
98%
92,000,000 German
95%
295,000,000 Hindi
95%
205,000,000 Portuguese
88%
76,000,000 Vietnamese
77%
200,000,000 Bengali
72%
95,000,000 Punjabi
60%
80,000,000 Wu
53%
82,000,000 Javanese
28%
No matching quizzes found
Score Distribution
Percent of People with Each Score
Percentile by Number Answered
Your Score History
You have not taken this quiz